• 首页
  • 本馆介绍
  • 公告通知
  • 最新文献
  • 馆藏检索
  • 电子资源
  • 读者导购
  • 参考咨询
  • 我的图书馆
  • 登录
  • 详细信息显示
  • 放入我的书架
  • 预约/预借图书
  • 作者相关作品
  • 分类相关作品
  • 丛书相关作品
  • 出版社相关作品

书目信息

  • 表格格式
  • 工作单格式
  • 卡片格式
题名:
别致多肉植物空间
    
 
作者: 吴沙沙 , 陈潇 , 陈进燎 主编
分册:  
出版信息: 北京   化学工业出版社  2016
页数: 128页
开本: 26cm
丛书名:
单 册:
中图分类: S682.33 , S682.33
科图分类:
主题词: 多浆植物--duo jiang zhi wu--观赏园艺
电子资源:
ISBN: 978-7-122-27089-4
000 01326nam0 2200289 450
001 1652917742
005 20160922104310.0
010    @a978-7-122-27089-4@dCNY39.80
100    @a20160922d2016 em y0chiy50 ea
101 0  @achi
102    @aCN@b110000
105    @aa z 000yy
106    @ar
200 1  @a别致多肉植物空间@Abie zhi duo rou zhi wu kong jian@e扮靓你所有的个人空间@f吴沙沙, 陈潇, 陈进燎主编
210    @a北京@c化学工业出版社@d2016
215    @a128页@c彩图@d26cm
330    @a《别致多肉植物空间 —— 扮靓你所有的个人空间》在普及多肉植物知识的基础上, 精选了80余种多肉植物, 分别介绍每种植物的识别特征、养护要点和繁殖方法 ; 整理了多肉植物的栽培养护经验 ; 同时, 结合生活实际, 详细介绍了多肉植物在各种场所的不同应用, 并配以经典应用图片。最后, 本书着重介绍了25个创意多肉植物组合, 以玻璃器皿、海螺贝壳、木制花器、陶瓷花器、弃物巧用、铁艺花器、饰件饰品、岁月沉淀 (老桩) 等主题进行分类阐述, 并附详细的操作步骤, 以便读者参阅。
333    @a大众读者。
517 1  @a扮靓你所有的个人空间@Aban jing ni suo you de ge ren kong jian
606 0  @a多浆植物@Aduo jiang zhi wu@x观赏园艺
690    @aS682.33@v5
690    @aS682.33@v5
701  0 @a吴沙沙@Awu sha sha@4主编
701  0 @a陈潇@Achen xiao@4主编
701  0 @a陈进燎@Achen jin liao@4主编
801  0 @aCN@b江苏新华@c20150511
905    @aBZT@dS682.33@e13
    
    别致多肉植物空间:扮靓你所有的个人空间/吴沙沙, 陈潇, 陈进燎主编.-北京:化学工业出版社,2016
    128页:彩图;26cm
    使用对象:大众读者。
    
    ISBN 978-7-122-27089-4:CNY39.80
    《别致多肉植物空间 —— 扮靓你所有的个人空间》在普及多肉植物知识的基础上, 精选了80余种多肉植物, 分别介绍每种植物的识别特征、养护要点和繁殖方法 ; 整理了多肉植物的栽培养护经验 ; 同时, 结合生活实际, 详细介绍了多肉植物在各种场所的不同应用, 并配以经典应用图片。最后, 本书着重介绍了25个创意多肉植物组合, 以玻璃器皿、海螺贝壳、木制花器、陶瓷花器、弃物巧用、铁艺花器、饰件饰品、岁月沉淀 (老桩) 等主题进行分类阐述, 并附详细的操作步骤, 以便读者参阅。
●
相关链接 在五车中查询图书 在当当中查询图书 在豆瓣中查询图书


正题名:别致多肉植物空间     索取号:S682.33/13         预约/预借

序号 登录号 条形码 馆藏地/架位号 状态 备注
1 802097   2000802097   第二书库/ [索取号:S682.33/13] 在馆    
2 802098   2000802098   第二书库/ [索取号:S682.33/13] 在馆    
3 802099   2000802099   第二书库/ [索取号:S682.33/13] 在馆    
山东省滨州职业学院图书馆 欢迎您!
大连网信软件有限公司© 版权所有